Distribution of aquatic invertebrates and of their predator the Greater Flamingo (Phoenicopterus roseus), evaluation of the impacts of a change of activity on a salt works in the Camargue (France) : [μεταπτυχιακή διατριβή]
Αποθηκεύτηκε σε:
| Κύριος συγγραφέας: | |
|---|---|
| Συλλογικό Έργο: | , |
| Άλλοι συγγραφείς: | , |
| Μορφή: | Thesis Βιβλίο |
| Γλώσσα: | English |
| Δημοσίευση: |
2012
|
| Θέματα: | |
| Διαθέσιμο Online: | http://hdl.handle.net/11610/11692 |
| Ετικέτες: |
Προσθήκη ετικέτας
Δεν υπάρχουν, Καταχωρήστε ετικέτα πρώτοι!
|
MARC
| LEADER | 00000cam a2200000 i 4500 | ||
|---|---|---|---|
| 001 | 1/56417 | ||
| 008 | 140918s2012 eng d | ||
| 035 | |l 10119177 | ||
| 040 | |a GR-MY-UA |b gre |e aacr | ||
| 041 | 0 | |a eng | |
| 082 | 0 | |a 598 |2 (22) | |
| 100 | 1 | |a Annetin, Manon. | |
| 245 | 1 | 0 | |a Distribution of aquatic invertebrates and of their predator the Greater Flamingo (Phoenicopterus roseus), evaluation of the impacts of a change of activity on a salt works in the Camargue (France) : |b [μεταπτυχιακή διατριβή] / |c Manon Annetin ; intership supervisors: Patrick Grillas, Arnaud Bechet |
| 260 | |c 2012 | ||
| 300 | |a 35 σ.; |b πιν.; |c 30 εκ. | ||
| 502 | |a Διατριβή (μεταπτυχιακή) – Πανεπιστήμιο Αιγαίου, Λέσβος, 2012. | ||
| 504 | |a Βιβλιογραφία: σ. 19-34 | ||
| 650 | 0 | 0 | |a Salt marsh ecology. |
| 650 | 0 | 0 | |a Birds |x Ecology. |
| 650 | 0 | 0 | |a Birds |z France. |
| 650 | 0 | 0 | |a Dissertations, Academic |z Greece. |
| 700 | 1 | |a Grillas, Patrick. |4 ths | |
| 700 | 1 | |a Bechet, Arnaud. |4 ths | |
| 710 | 2 | |a Πανεπιστήμιο Αιγαίου Ελληνογαλλικό Πρόγραμμα Μεταπτυχιακών Σπουδών Διατήρηση της Βιοποικιλότητας |b Σχολή Περιβάλλοντος. | |
| 710 | 2 | |a Universite des sciences et techniques du Languedoc. | |
| 852 | |a INST |b LESVOS |c DIATR |e 20140918 |h 49 |p 005100055286 |q 005100055286 |t MTXE |y 23 | ||
| 852 | |a INST |b LESVOS |c DIATR |e 20140918 |h 50 |p 005100055287 |q 005100055287 |t MTXE |y 23 | ||
| 856 | |u http://hdl.handle.net/11610/11692 | ||
| 901 | |a BIBL1-2014-3 | ||
| 909 | |a Λ |b 190810 | ||
| 909 | |a Λ |b 190811 | ||
| 924 | |a ANNETIN |b MANON |y ΛΕΣΒΟΣ |z 2012-01 | ||
| 970 | |a ΤΖΑΦΕΡΗ |b ΕΥΑΓΓΕΛΙΑ |z 2014/09/18 | ||